ბათუმის შოთა რუსთაველის სახელმწიფო უნივერსიტეტის ბიბლიოთეკა

ქართული ენა 3კლ. : (ბიბ.ჩანაწერი № 53488)

000 -ლიდერი
ფიქსირებული სიგრძის საკონტროლო ველი 01653nam a2200289Ia 4500
001 - საკონტროლო ნომერი
საკონტროლო ველი 20534
003 - საკონტროლო ნომრის იდენტიფიკატორი
საკონტროლო ველი GE_BSU
005 - ბოლო ოპერაციის თარიღი და დრო
საკონტროლო ველი 20210108223337.0
008 - ფიქსირებული სიგრძის მონაცემთა ელემენტები - ზოგადი ინფორმაცია
ფიქსირებული სიგრძის საკონტროლო ველი 181216s1983||||ge |||||||||||||| ||geo||
040 ## - კატალოგიზაციის წყარო
Transcribing agency GE_BSU
041 ## - ენის კოდი
Language code of text/sound track or separate title geo
080 ## - უნივერსალური ათობითი კლასიფიკაციის ინდექსი
Universal Decimal Classification number 811.353.1-84(075.3=161.1) დ-15
100 ## - მთავარი ჩანაწერი - პიროვნების სახელი
Personal name დავითიანი, აკაკი
9 (RLIN) 7697
245 ## - ცნობა სათაურის შესახებ
Title ქართული ენა 3კლ. :
Remainder of title რუსული სკოლის III კლასის სახელმძღვ. /
Statement of responsibility, etc აკაკი დავითიანი, ვალერიან მუშკუდიანი, თ. ციხისელი ; რედ. გ. ახალაია, ც. ნევეროვსკაია ; მხატვ.: ზ. დეისაძე.
250 ## - გამოცემის ცნობა
Edition statement მე-3 გამოცემა
264 ## - წარმოების, გამოცემის, დისტრიბუციის და სხვა ცნობები
გამოცემის, წარმოების, დისტრიბუციის... ადგილი თბილისი :
გამოცემის, წარმოების, დისტრიბუციის... სახელწოდება განათლება,
გამოცემის, წარმოების, დისტრიბუციის... თარიღი 1983.
300 ## - ფიზიკური აღწერა
Extent 159 გვ. :
Other physical details ილ. ;
Dimensions 22 სმ.
653 ## - INDEX TERM--UNCONTROLLED
Uncontrolled term რუსული სკოლის III კლასის სახელმძღვანელო
653 ## - INDEX TERM--UNCONTROLLED
Uncontrolled term ქართული ენა
700 ## - ADDED ENTRY--PERSONAL NAME
Personal name მუშკუდიანი, ვალერიან
Relator term ავტორი
9 (RLIN) 10013
700 ## - ADDED ENTRY--PERSONAL NAME
Personal name ციხისელი, თ.
Relator term ავტორი
9 (RLIN) 9845
700 ## - ADDED ENTRY--PERSONAL NAME
Personal name ახალაია, გ.
Relator term რედაქტორი
9 (RLIN) 9826
700 ## - ADDED ENTRY--PERSONAL NAME
Personal name ნევეროვსკაია, ც.
Relator term რედაქტორი
9 (RLIN) 9827
700 ## - ADDED ENTRY--PERSONAL NAME
Personal name დეისაძე, ზ.
Relator term მხატვარი
9 (RLIN) 10014
942 ## - ADDED ENTRY ELEMENTS (KOHA)
Koha item type წიგნი
Source of classification or shelving scheme
ეგზემპლარები
ჩამოწერის სტატუსი დაკარგული ეგზემპლარის სტატუსი კლასიფიკაციის წყარო ან თაროზე გაწყობის სქემა დაზიანების სტატუსი არ გაიცემა მუდმივი მდებარეობა (დაცვის ადგილი) ამჟამინდელი ადგილსამყოფელი თაროზე განთავსების ადგილი შეძენის თარიღი ღირებულება, შესყიდვის ნორმალური ფასი სრული შენახვის შიფრი შტრიხკოდი ბოლო ოპერაციის თარიღი ეგზემპლარის მიმდევრობითი ნომერი (კეტერი?) ფასის ძალაში შესვლის თარიღი ეგზემპლარის სახეობა საჯარო შენიშვნა ადგილმდებარეობის კოდირებული მსაზღვრელი
          ბათუმის შოთა რუსთაველის სახელმწიფო უნივერსიტეტის მთავარი ბიბლიოთეკა ბათუმის შოთა რუსთაველის სახელმწიფო უნივერსიტეტის მთავარი ბიბლიოთეკა წიგნსაცავი 2018-12-17 0.40 811.353.1-84(075.3=161.1) დ-15 53500 2018-12-17 53500 2018-12-17 წიგნი 0.40 ლ.